What's yours is yours (Record no. 77725)
[ view plain ]
| 000 -LEADER | |
|---|---|
| fixed length control field | 01341cab a2200229 4500 |
| 001 - CONTROL NUMBER | |
| control field | ##L134949 |
| 008 - FIXED-LENGTH DATA ELEMENTS--GENERAL INFORMATION | |
| fixed length control field | 060912n2006 000 0 eng u |
| 035 ## - SYSTEM CONTROL NUMBER | |
| System control number | (Sirsi) u134949 |
| 041 0# - LANGUAGE CODE | |
| Language code of text/sound track or separate title | eng |
| 100 1# - MAIN ENTRY--PERSONAL NAME | |
| Personal name | Carey, Steven |
| 245 00 - TITLE STATEMENT | |
| Title | What's yours is yours |
| 260 ## - PUBLICATION, DISTRIBUTION, ETC. | |
| Date of publication, distribution, etc. | 2006 |
| 490 #0 - SERIES STATEMENT | |
| Series statement | Building |
| Volume/sequential designation | 271(8446) 8 September 2006, 68(1) |
| 520 ## - SUMMARY, ETC. | |
| Summary, etc. | Discusses what happens to subcontractor's goods and materials when a contractor goes bust. Under many standard forms of contract and common law, the subcontractor's goods and materials will pass to the employer/landowner. However, "J A Pye (Oxford) Ltd and another v United Kingdom" ([2005] ECHR 44302/02, L131742) found that deprivation of an individual's property without compensation was not proportional. Argues that a subcontractor's loss of ownership of the goods and materials incorporated into the works amounts to a deprivation of that property under the First Protocol of the European Convention on Human Rights. |
| 590 ## - LOCAL NOTE (RLIN) | |
| Local note | IKA190906 |
| 650 24 - SUBJECT ADDED ENTRY--TOPICAL TERM | |
| Topical term or geographic name entry element | PYE (OXFORD) LTD & ANOR V UNITED KINGDOM |
| 650 24 - SUBJECT ADDED ENTRY--TOPICAL TERM | |
| Topical term or geographic name entry element | CONVENTION FOR THE PROTECTION OF HUMAN RIGHTS AND FUNDAMENTAL FREEDOMS FIRST PROTOCOL ART 1 |
| 650 24 - SUBJECT ADDED ENTRY--TOPICAL TERM | |
| Topical term or geographic name entry element | HUMAN RIGHTS ACT 1998 |
| 651 #4 - SUBJECT ADDED ENTRY--GEOGRAPHIC NAME | |
| Geographic name | United Kingdom |
| Chronological subdivision | |
| 690 ## - LOCAL SUBJECT ADDED ENTRY--TOPICAL TERM (OCLC, RLIN) | |
| Topical term or geographic name as entry element | BUILT ENVIRONMENT-CONSTRUCTION MANAGEMENT-BUILDING CONTRACT ADMINISTRATION |
| 942 ## - ADDED ENTRY ELEMENTS (KOHA) | |
| Suppress in OPAC | 0 |
| Withdrawn status | Lost status | Source of classification or shelving scheme | Damaged status | Not for loan | Home library | Current library | Shelving location | Date acquired | Total Checkouts | Full call number | Barcode | Date last seen | Copy number | Price effective from | Koha item type |
|---|---|---|---|---|---|---|---|---|---|---|---|---|---|---|---|
| Dewey Decimal Classification | London | London | Journal article | 12/09/2006 | L134949 | 134949-1001 | 06/08/2019 | 1 | 06/08/2019 | Journal article |